[Event "FIN-chT2 Gp4 1819"]
[Site "Finland"]
[Date "2018.09.15"]
[Round "1.1"]
[White "Taivainen, Jukka"]
[Black "Kotilainen, Ari"]
[Result "1/2-1/2"]
[WhiteElo "2223"]
[BlackElo "1929"]
[PlyCount "60"]
[EventDate "2018.09.15"]
[EventType "team-tourn"]
[EventRounds "6"]
[EventCountry "FIN"]
[SourceTitle "EXT 2020"]
[Source "ChessBase"]
[SourceDate "2019.10.17"]
[SourceVersion "1"]
[SourceVersionDate "2019.10.17"]
[SourceQuality "1"]
[WhiteTeam "Tampere SK"]
[BlackTeam "Oulu OSS II"]
[WhiteTeamCountry "FIN"]
[BlackTeamCountry "FIN"]

1. d4 g6 2. e4 Bg7 3. Nf3 c6 4. h3 d5 5. e5 Nh6 6. Be2 0-0 7. 0-0 f6 8. c4 Nf7 9. Bf4 fxe5 10. dxe5 e6 11. Re1 Nd7 12. Bf1 Qc7 13. cxd5 exd5 14. Nc3 Nc5 15. Rc1 Qe7 16. Bg3 Ne6 17. Nd4 Nh6 18. Nxe6 Bxe6 19. Ne2 Nf5 20. Bh2 Rf7 21. Nf4 Raf8 22. Nxe6 Qxe6 23. Rc2 Nh6 24. Qd4 a6 25. b4 Re8 26. a4 Rf5 27. Bd3 Bxe5 28. Bxf5 Bxh2+ 29. Kxh2 Qxe1 30. Bd3 Qe5+ 1/2-1/2

[Event "FIN-chT2 Gp4 1819"]
[Site "Finland"]
[Date "2018.09.15"]
[Round "2.1"]
[White "Taivainen, Jukka"]
[Black "Marjusaari, Eero"]
[Result "1/2-1/2"]
[WhiteElo "2223"]
[BlackElo "2022"]
[PlyCount "44"]
[EventDate "2018.09.15"]
[EventType "team-tourn"]
[EventRounds "6"]
[EventCountry "FIN"]
[SourceTitle "EXT 2020"]
[Source "ChessBase"]
[SourceDate "2019.10.17"]
[SourceVersion "1"]
[SourceVersionDate "2019.10.17"]
[SourceQuality "1"]
[WhiteTeam "Tampere SK"]
[BlackTeam "Kokkola SK"]
[WhiteTeamCountry "FIN"]
[BlackTeamCountry "FIN"]

1. d4 Nf6 2. c4 g6 3. Nc3 Bg7 4. e4 d6 5. Nf3 0-0 6. Be2 Na6 7. 0-0 e5 8. Be3 Ng4 9. Bg5 Qe8 10. dxe5 Nxe5 11. Nd5 f6 12. Bd2 c6 13. Nc3 Be6 14. Nxe5 dxe5 15. Be3 Qe7 16. Qa4 Rfd8 17. Rfd1 Qb4 18. Qxb4 Nxb4 19. Rac1 Rxd1+ 20. Nxd1 Nxa2 21. Ra1 Nb4 22. Rxa7 Rxa7 1/2-1/2

[Event "FIN-chT2 Gp3 1718"]
[Site "Finland"]
[Date "2018.01.13"]
[Round "5.1"]
[White "Taivainen, Jukka"]
[Black "Levomaki, Rikumatti"]
[Result "1-0"]
[WhiteElo "2220"]
[BlackElo "2069"]
[PlyCount "39"]
[EventDate "2017.09.16"]
[EventType "team-tourn"]
[EventRounds "7"]
[EventCountry "FIN"]
[SourceTitle "EXT 2020"]
[Source "ChessBase"]
[SourceDate "2019.10.17"]
[SourceVersion "1"]
[SourceVersionDate "2019.10.17"]
[SourceQuality "1"]
[WhiteTeam "Tampere SK"]
[BlackTeam "Turku AS"]
[WhiteTeamCountry "FIN"]
[BlackTeamCountry "FIN"]

1. d4 d5 2. c4 e6 3. Nc3 f5 4. Bf4 c6 5. e3 Nf6 6. Nf3 Nbd7 7. Bd3 Be7 8. cxd5 Nxd5 9. Nxd5 cxd5 10. 0-0 0-0 11. Rc1 Nf6 12. Qb3 Bd6 13. Rc2 Bxf4 14. exf4 Qb6 15. Qxb6 axb6 16. a3 h6 17. Rfc1 Ne4 18. Bxe4 fxe4 19. Ne5 Kh7 20. Rc7 1-0

[Event "FIN-chT 0607"]
[Site "Finland"]
[Date "2006.09.16"]
[Round "1.7"]
[White "Taivainen, Jukka"]
[Black "Tolonen, Mikko"]
[Result "1-0"]
[WhiteElo "2251"]
[BlackElo "2248"]
[PlyCount "95"]
[EventDate "2006.09.14"]
[EventType "team-tourn"]
[EventRounds "9"]
[EventCountry "FIN"]
[SourceTitle "EXT 2022"]
[Source "ChessBase"]
[SourceDate "2021.10.06"]
[SourceVersion "1"]
[SourceVersionDate "2021.10.06"]
[SourceQuality "1"]
[WhiteTeam "Tampere OpusCapita"]
[BlackTeam "Espoo MatSK"]
[WhiteTeamCountry "FIN"]
[BlackTeamCountry "FIN"]

1. e4 e6 2. d4 d5 3. Nd2 dxe4 4. Nxe4 Qd5 5. Nc3 Bb4 6. Nge2 c5 7. a3 Bxc3+ 8. Nxc3 Qxd4 9. Qxd4 cxd4 10. Nb5 Na6 11. Nxd4 Nf6 12. Be2 0-0 13. 0-0 e5 14. Nb5 Bf5 15. Nd6 Bxc2 16. Nxb7 Nc7 17. b4 Ne6 18. Bb2 Nf4 19. Rfe1 Be4 20. Ba6 Bxg2 21. Bxe5 N6d5 22. Nc5 Bh3 23. Nd3 Ng6 24. Bg3 Rad8 25. Ne5 Nge7 26. Bf1 Bxf1 27. Kxf1 Rc8 28. Rac1 Nf5 29. Nc6 a6 30. Re5 Nfe7 31. Rxe7 Rxc6 32. Rxc6 Nxe7 33. Rxa6 Rc8 34. Rb6 Nd5 35. Rb8 Rxb8 36. Bxb8 Kf8 37. Ke1 Ke7 38. Kd2 Kd7 39. Be5 f6 40. Bb2 Kc6 41. Kd3 g6 42. Kc4 Nb6+ 43. Kb3 f5 44. Bd4 Nd5 45. Kc4 Nc7 46. a4 g5 47. b5+ Kb7 48. a5 1-0

[Event "FIN-chT 0405"]
[Site "Finland"]
[Date "2004.11.13"]
[Round "4.5"]
[White "Ristoja, Jan"]
[Black "Taivainen, Jukka"]
[Result "1/2-1/2"]
[WhiteElo "2341"]
[BlackElo "2248"]
[PlyCount "21"]
[EventDate "2004.09.18"]
[EventType "team-tourn"]
[EventRounds "9"]
[EventCountry "FIN"]
[SourceTitle "EXT 2022"]
[Source "ChessBase"]
[SourceDate "2021.10.06"]
[SourceVersion "1"]
[SourceVersionDate "2021.10.06"]
[SourceQuality "1"]
[WhiteTeam "Helsinki Gaia"]
[BlackTeam "Tampere SY"]
[WhiteTeamCountry "FIN"]
[BlackTeamCountry "FIN"]

1. d4 d5 2. Nf3 c6 3. c3 Nf6 4. Bg5 Ne4 5. Bf4 Bf5 6. e3 e6 7. Nbd2 Nd7 8. Be2 Nxd2 9. Nxd2 Nf6 10. 0-0 Bd6 11. Bxd6 1/2-1/2

[Event "Tampere We Taraus op"]
[Site "Tampere"]
[Date "2004.08.22"]
[Round "4"]
[White "Taivainen, Jukka"]
[Black "Alho, Sauli"]
[Result "1-0"]
[WhiteElo "2248"]
[BlackElo "2106"]
[PlyCount "50"]
[EventDate "2004.08.20"]
[EventType "swiss"]
[EventRounds "5"]
[EventCountry "FIN"]
[SourceTitle "EXT 2009"]
[Source "ChessBase"]
[SourceDate "2008.11.26"]
[SourceVersion "1"]
[SourceVersionDate "2008.11.26"]
[SourceQuality "1"]

1. d4 Nf6 2. Nf3 c5 3. e3 b6 4. b3 Bb7 5. Bb2 e6 6. Nbd2 Be7 7. Bd3 0-0 8. c4 d5 9. 0-0 Nbd7 10. Re1 Rc8 11. Rc1 Re8 12. Bb1 dxc4 13. bxc4 cxd4 14. exd4 Nb8 15. Qe2 Nc6 16. Ne4 Na5 17. Neg5 h6 18. Nxf7 Bxf3 19. gxf3 Qd7 20. Bg6 Rf8 21. d5 Bb4 22. dxe6 Qc6 23. Red1 Nxc4 24. Ne5 Qxe6 25. Rxc4 Nd5 1-0

[Event "FIN-chT 0304"]
[Site "Finland"]
[Date "2003.10.25"]
[Round "3.5"]
[White "Taivainen, Jukka"]
[Black "Laihonen, Petteri"]
[Result "0-1"]
[WhiteElo "2258"]
[BlackElo "2260"]
[PlyCount "118"]
[EventDate "2003.09.06"]
[EventType "team-tourn"]
[EventRounds "9"]
[EventCountry "FIN"]
[SourceTitle "EXT 2022"]
[Source "ChessBase"]
[SourceDate "2021.10.06"]
[SourceVersion "1"]
[SourceVersionDate "2021.10.06"]
[SourceQuality "1"]
[WhiteTeam "Tampere Taraus"]
[BlackTeam "Jyvaskyla JyS"]
[WhiteTeamCountry "FIN"]
[BlackTeamCountry "FIN"]

1. e4 Nf6 2. Nc3 e5 3. Nf3 Bb4 4. Nxe5 0-0 5. Be2 Re8 6. Nd3 Bxc3 7. dxc3 Nxe4 8. Nf4 Nf6 9. c4 b6 10. 0-0 Bb7 11. b3 d6 12. Bb2 Nbd7 13. Nd3 a5 14. Bf3 Qb8 15. a4 Qa7 16. Nf4 Be4 17. Nd5 Nxd5 18. cxd5 Bg6 19. Be2 Nc5 20. Bb5 Re7 21. Re1 Rxe1+ 22. Qxe1 Rf8 23. Qc3 f6 24. Re1 Qb8 25. Re2 Qd8 26. Qe1 Bf7 27. Bc6 Nd7 28. f4 Re8 29. Re6 Rf8 30. c4 Nc5 31. Re3 Bg6 32. Bd4 Nd3 33. Qg3 Nb4 34. Re2 Nxc6 35. dxc6 Re8 36. Re3 Rxe3 37. Qxe3 Qe8 38. Kf2 Qe4 39. Bxb6 cxb6 40. c7 Qxe3+ 41. Kxe3 Bf5 42. Kd4 Kf7 43. Kd5 Ke7 44. Kc6 Be4+ 45. Kxb6 Kd7 46. g3 Kc8 47. Kxa5 Kxc7 48. b4 Bd3 49. b5 Bxc4 50. Ka6 Kb8 51. Kb6 Bd5 52. a5 Be4 53. a6 h5 54. h4 g6 55. Ka5 d5 56. Kb4 d4 57. b6 d3 58. Kc3 Bf5 59. Kd2 Be4 0-1

[Event "FIN-chT 0203"]
[Site "Finland"]
[Date "2003.02.15"]
[Round "7.5"]
[White "Niemela, Antti"]
[Black "Taivainen, Jukka"]
[Result "1-0"]
[WhiteElo "2260"]
[BlackElo "2267"]
[PlyCount "105"]
[EventDate "2002.10.21"]
[EventType "team-tourn"]
[EventRounds "9"]
[EventCountry "FIN"]
[SourceTitle "EXT 2004"]
[Source "ChessBase"]
[SourceDate "2003.11.25"]
[SourceVersion "1"]
[SourceVersionDate "2003.11.25"]
[SourceQuality "1"]
[WhiteTeam "Helsinki HSK"]
[BlackTeam "Tampere Taraus"]
[WhiteTeamCountry "FIN"]
[BlackTeamCountry "FIN"]

1. d4 d5 2. c4 e6 3. Nc3 Nf6 4. cxd5 exd5 5. Bg5 c6 6. Qc2 Be7 7. e3 Nbd7 8. Bd3 0-0 9. Nf3 Re8 10. 0-0-0 Nf8 11. h3 Be6 12. g4 Qa5 13. Bxf6 Bxf6 14. g5 Be7 15. Rhg1 Rac8 16. Kb1 b5 17. Rc1 a6 18. Ne5 c5 19. dxc5 g6 20. c6 Bd6 21. Ng4 Bxg4 22. Rxg4 Rxc6 23. Qb3 Be5 24. Rgg1 Rec8 25. Ne2 Rc4 26. Bxc4 bxc4 27. Qa3 Qxa3 28. bxa3 Rb8+ 29. Kc2 Rb2+ 30. Kd1 Rxa2 31. Nc3 Bxc3 32. Rxc3 Rxf2 33. e4 dxe4 34. Rxc4 Ra2 35. Rg3 Ne6 36. Rxe4 Kg7 37. h4 Rf2 38. Rc3 Rh2 39. Rcc4 a5 40. Re5 Ra2 41. Rxa5 h6 42. gxh6+ Kxh6 43. a4 Rf2 44. Ra6 Kh5 45. a5 Rf5 46. Ra8 Nf4 47. a6 Kg4 48. Ra4 Rd5+ 49. Kc2 Rc5+ 50. Kb3 Kf3 51. Rf8 Nd3 52. a7 Nc1+ 53. Ka3 1-0

[Event "Tampere op2"]
[Site "Tampere"]
[Date "2003.??.??"]
[Round "2"]
[White "Tolonen, Leo Toivovich"]
[Black "Taivainen, Jukka"]
[Result "1/2-1/2"]
[WhiteElo "2363"]
[BlackElo "2265"]
[PlyCount "69"]
[EventDate "2003.??.??"]
[EventType "swiss"]
[EventRounds "5"]
[EventCountry "FIN"]
[SourceTitle "EXT 2005"]
[Source "ChessBase"]
[SourceDate "2004.11.15"]
[SourceVersion "1"]
[SourceVersionDate "2004.11.15"]
[SourceQuality "1"]

1. Nf3 Nf6 2. b3 g6 3. Bb2 Bg7 4. c4 0-0 5. Nc3 d5 6. e3 c5 7. Nxd5 Nxd5 8. Bxg7 Kxg7 9. cxd5 Qxd5 10. d4 cxd4 11. Qxd4+ Qxd4 12. Nxd4 Bd7 13. 0-0-0 Rc8+ 14. Kb2 Nc6 15. Bb5 Rc7 16. Bxc6 Bxc6 17. Nxc6 Rxc6 18. Rc1 Rac8 19. Rxc6 Rxc6 20. Rd1 Rc7 21. g4 Kf6 22. f4 e5 23. a4 exf4 24. exf4 g5 25. f5 h5 26. h3 hxg4 27. hxg4 Ke5 28. a5 f6 29. b4 a6 30. Kb3 Kf4 31. Rd4+ Ke5 32. Rd8 Kf4 33. Rd4+ Ke5 34. Rd8 Kf4 35. Rd4+ 1/2-1/2

[Event "FIN-chT 0203"]
[Site "Finland"]
[Date "2002.11.16"]
[Round "4.5"]
[White "Byggmastar, Lars"]
[Black "Taivainen, Jukka"]
[Result "0-1"]
[WhiteElo "2210"]
[BlackElo "2267"]
[PlyCount "64"]
[EventDate "2002.10.21"]
[EventType "team-tourn"]
[EventRounds "9"]
[EventCountry "FIN"]
[SourceTitle "EXT 2004"]
[Source "ChessBase"]
[SourceDate "2003.11.25"]
[SourceVersion "1"]
[SourceVersionDate "2003.11.25"]
[SourceQuality "1"]
[WhiteTeam "Salo SK"]
[BlackTeam "Tampere Taraus"]
[WhiteTeamCountry "FIN"]
[BlackTeamCountry "FIN"]

1. d4 Nf6 2. c4 c5 3. d5 e6 4. Nc3 exd5 5. cxd5 d6 6. e4 g6 7. Bd3 Bg7 8. Nge2 0-0 9. 0-0 b6 10. b3 b5 11. Bxb5 Qa5 12. Bd3 Ba6 13. Rb1 Re8 14. Bf4 Nh5 15. Bxd6 Bxc3 16. Bxb8 c4 17. b4 Qa3 18. Nxc3 Qxc3 19. Be2 Raxb8 20. Bxh5 gxh5 21. Re1 Qe5 22. g3 c3 23. a3 Rbc8 24. Rc1 Rc4 25. f3 Rd4 26. Qb3 Rd3 27. Qa4 Bc8 28. Rf1 Bh3 29. Rf2 Rc8 30. Qxa7 c2 31. Rfxc2 Rxc2 32. Qb8+ Qxb8 0-1

[Event "FIN-chT 0102"]
[Site "Finland"]
[Date "2002.01.19"]
[Round "6.1"]
[White "Taivainen, Jukka"]
[Black "Norri, Joose"]
[Result "0-1"]
[WhiteElo "2262"]
[BlackElo "2401"]
[PlyCount "78"]
[EventDate "2001.09.21"]
[EventType "team-tourn"]
[EventRounds "9"]
[EventCountry "FIN"]
[SourceTitle "EXT 2022"]
[Source "ChessBase"]
[SourceDate "2021.10.06"]
[SourceVersion "1"]
[SourceVersionDate "2021.10.06"]
[SourceQuality "1"]
[WhiteTeam "Tampere MoroChess"]
[BlackTeam "Helsinki HSK"]
[WhiteTeamCountry "FIN"]
[BlackTeamCountry "FIN"]

1. e4 c5 2. Nf3 e6 3. d4 cxd4 4. Nxd4 Nc6 5. Nb5 d6 6. c4 Nf6 7. N1c3 a6 8. Na3 Be7 9. Be2 0-0 10. 0-0 b6 11. Be3 Ne5 12. Qb3 Ned7 13. Rfd1 Qc7 14. Rac1 Bb7 15. f3 Rac8 16. Bf1 Kh8 17. Kh1 Rg8 18. Nab1 g5 19. Qc2 Rg6 20. Qe2 Rcg8 21. Nd2 Nh5 22. g3 Ne5 23. Bd4 Bf6 24. Qe3 Nd7 25. Ne2 e5 26. Bc3 g4 27. fxg4 Bg5 28. Nf4 Nxf4 29. gxf4 Bxf4 30. Qf2 Rxg4 31. Bh3 f5 32. Bxg4 Rxg4 33. Re1 Nf6 34. h3 Rg3 35. Qxf4 exf4 36. Bxf6+ Kg8 37. Rg1 fxe4 38. Kh2 e3 39. Nb3 Qc6 0-1

[Event "Tampere Taraus op"]
[Site "Tampere"]
[Date "2002.??.??"]
[Round "6"]
[White "Salokangas, Hannu"]
[Black "Taivainen, Jukka"]
[Result "0-1"]
[WhiteElo "2219"]
[BlackElo "2262"]
[PlyCount "60"]
[EventDate "2002.03.??"]
[EventType "swiss"]
[EventRounds "9"]
[EventCountry "FIN"]
[SourceTitle "EXT 2004"]
[Source "ChessBase"]
[SourceDate "2003.11.25"]
[SourceVersion "1"]
[SourceVersionDate "2003.11.25"]
[SourceQuality "1"]

1. c4 c6 2. Nf3 d5 3. g3 dxc4 4. Bg2 Nd7 5. Na3 Nb6 6. Qc2 Qd5 7. e4 Qd3 8. Qxd3 cxd3 9. Ne5 g5 10. Nxd3 Bg7 11. Nc5 g4 12. h3 h5 13. hxg4 hxg4 14. Rxh8 Bxh8 15. d3 Nd7 16. Nxd7 Bxd7 17. Rb1 c5 18. Bd2 Bc6 19. Bf1 e6 20. Bc3 Bxc3+ 21. bxc3 Ke7 22. Nc4 f5 23. Na5 fxe4 24. Nxc6+ bxc6 25. dxe4 Kd6 26. Kd2 Rf8 27. f4 gxf3 28. Ke3 Ke5 29. Rb6 Nf6 30. Kxf3 Nxe4+ 0-1

[Event "Tampere Taraus op"]
[Site "Tampere"]
[Date "2002.??.??"]
[Round "2"]
[White "Taivainen, Jukka"]
[Black "Puuska, Heini"]
[Result "1-0"]
[WhiteElo "2262"]
[BlackElo "2061"]
[PlyCount "69"]
[EventDate "2002.03.??"]
[EventType "swiss"]
[EventRounds "9"]
[EventCountry "FIN"]
[SourceTitle "EXT 2004"]
[Source "ChessBase"]
[SourceDate "2003.11.25"]
[SourceVersion "1"]
[SourceVersionDate "2003.11.25"]
[SourceQuality "1"]

1. d4 Nf6 2. c4 e6 3. Nc3 Bb4 4. Qc2 d5 5. cxd5 exd5 6. Bg5 h6 7. Bxf6 Qxf6 8. a3 Bxc3+ 9. Qxc3 0-0 10. e3 Bf5 11. Nf3 Nd7 12. Rc1 c5 13. dxc5 Qxc3+ 14. Rxc3 Rfc8 15. Nd4 Bg6 16. c6 bxc6 17. Nxc6 Kf8 18. Ba6 Rc7 19. Kd2 Nb8 20. Nxb8 Rxc3 21. Nd7+ Ke7 22. Kxc3 Kxd7 23. Bb7 Rb8 24. Bxd5 Rc8+ 25. Bc4 Kd6 26. Rd1+ Ke5 27. Rd5+ Ke4 28. Rd4+ Ke5 29. f4+ Kf5 30. h3 h5 31. g3 h4 32. g4+ Kf6 33. e4 Rc7 34. e5+ Ke7 35. f5 1-0

[Event "Tampere Taraus op"]
[Site "Tampere"]
[Date "2002.??.??"]
[Round "3"]
[White "Taivainen, Jukka"]
[Black "Sisatto, Olli"]
[Result "0-1"]
[WhiteElo "2262"]
[BlackElo "2186"]
[PlyCount "116"]
[EventDate "2002.03.??"]
[EventType "swiss"]
[EventRounds "9"]
[EventCountry "FIN"]
[SourceTitle "EXT 2004"]
[Source "ChessBase"]
[SourceDate "2003.11.25"]
[SourceVersion "1"]
[SourceVersionDate "2003.11.25"]
[SourceQuality "1"]

1. e4 e6 2. d4 d5 3. e5 c5 4. c3 Qb6 5. Nf3 Nc6 6. a3 c4 7. Be2 Bd7 8. 0-0 Na5 9. Nbd2 Qc6 10. Qe1 Ne7 11. Rb1 Nc8 12. Bd1 Qa6 13. Bc2 Be7 14. Qe3 Nb6 15. Ne1 Ba4 16. Qg3 Bf8 17. f4 g6 18. Ndf3 Nc6 19. Qf2 Qb5 20. h3 0-0-0 21. g4 h5 22. Ng5 Bxc2 23. Nxc2 hxg4 24. Nxf7 Rxh3 25. Nxd8 Nxd8 26. Ne3 Na4 27. Qc2 Qe8 28. Rf2 g3 29. Rf3 g5 30. Qg2 Qh5 31. Rxg3 Rxg3 32. Qxg3 gxf4 33. Qg4 Qh7 34. Nf5 Qxf5 35. Qxf5 exf5 36. Bxf4 Ne6 37. Bd2 a6 38. Kf2 Kd7 39. Ke2 Be7 40. Rf1 Nf8 41. Rxf5 Nxb2 42. e6+ Kxe6 43. Re5+ Kd6 44. a4 Bf6 45. Re8 Ne6 46. a5 Bd8 47. Be1 Bxa5 48. Rb8 Kc6 49. Re8 Nc7 50. Re3 Na4 51. Kd1 Nb5 52. Kc2 Bxc3 53. Bxc3 Naxc3 54. Re6+ Kd7 55. Rh6 Ne2 56. Rh7+ Kc6 57. Rh6+ Nd6 58. Rh4 Nf5 0-1

[Event "Helsinki op 4th"]
[Site "Helsinki"]
[Date "2001.??.??"]
[Round "7"]
[White "Rantanen, Yrjo A"]
[Black "Taivainen, Jukka"]
[Result "1-0"]
[WhiteElo "2327"]
[BlackElo "2245"]
[PlyCount "127"]
[EventDate "2001.??.??"]
[EventType "swiss"]
[EventRounds "7"]
[EventCountry "FIN"]
[SourceTitle "CBM 085 Extra"]
[Source "ChessBase"]
[SourceDate "2002.01.21"]
[SourceVersion "1"]
[SourceVersionDate "2002.01.21"]
[SourceQuality "1"]

1. d4 d5 2. c4 e6 3. Nf3 Nf6 4. e3 c5 5. a3 a6 6. b3 Be7 7. Nbd2 0-0 8. Bb2 Nbd7 9. Bd3 Rb8 10. cxd5 Nxd5 11. Qc2 h6 12. 0-0 cxd4 13. Bxd4 Bf6 14. Rfd1 Bxd4 15. Nxd4 Qe7 16. Nc4 Nc5 17. Be2 Bd7 18. Bf3 b5 19. Bxd5 exd5 20. Na5 Rbc8 21. Qd2 Ne4 22. Qb4 Qf6 23. Qe1 Rc7 24. Rac1 Rfc8 25. Rxc7 Rxc7 26. f3 Nd6 27. Rc1 Rxc1 28. Qxc1 Qe5 29. Nac6 Bxc6 30. Nxc6 Qe6 31. Nd4 Qe5 32. Qc3 Qg5 33. g3 g6 34. Kf2 Kh7 35. Qc2 Qe5 36. Ke2 h5 37. f4 Qf6 38. Qc6 Ne4 39. Qxf6 Nxf6 40. Kd3 Ng4 41. Nf3 Kg7 42. Kd4 Kf6 43. h3 Nf2 44. Ng5 Ke7 45. Kxd5 f6 46. Nf3 Nxh3 47. Kc6 g5 48. Kb6 Kd6 49. fxg5 fxg5 50. Kxa6 Ke6 51. Nd2 Ng1 52. Kxb5 h4 53. gxh4 gxh4 54. a4 h3 55. Nf1 Nf3 56. a5 Kd6 57. Kb6 Ne5 58. b4 Kd7 59. a6 Nc4+ 60. Kb7 Nxe3 61. a7 Nxf1 62. a8Q h2 63. Qc8+ Ke7 64. Qc5+ 1-0